000 nam a22 7a 4500
999 _c9916
_d9916
008 180208b ||||| |||| 00| 0 eng d
100 _aSharma, J P
_95980
245 _a=Football skills and techniques
260 _aNew Delhi
_bK S K Publication
_c2008